000 00669nam a2200229Ia 4500
008 180523s9999 xx 000 0 und d
020 _a978-981-4227-53-7
050 _aMAIN BF 385
050 _b.P34 2007
100 _aPagano, Robert R.
245 0 _aUnderstanding statistics in the behavioral sciences /
245 0 _cRobert R. Pagano.
250 _a8th Edition
260 _aSingapore :
260 _bThomson Learning,
260 _c2007
300 _a568 pages :
300 _c24 cm.
500 _aIncludes bibliographical references and index.
650 _aPsychology -- Statistical methods -- Textbooks.
650 _xPsychometrics -- Textbooks.
999 _c356562
_d356562